000 00531nam a22001937a 4500
010 _aA-805952
020 _c110.00
035 _aA-805952
037 _bCen Lib / Ret
040 _aDPL
_bEN
082 _a181.041
_bBHO
100 _aBhowmick, Paritosh
245 _aThe vision /
_cby Paritosh Bhowmick
260 _aCalcutta
_bPelican Press
_c1995
270 _a85, Bepin Behari Ganguly Street
_bCalcutta
_e700012
300 _a154p ;
_c24cm(Hb)
650 _aPhilosophy
942 _2ddc
_cEN
_h181.041
_mBHO
999 _c136959
_d136959